مكتبة جامعة عجلون الوطنية

فهرس بحث المكتبة

William's Essentials of Nutrition and Diet The Therapy (Record no. 33630)

MARC details
000 -LEADER
fixed length control field 00602nam a22002057a 4500
003 - CONTROL NUMBER IDENTIFIER
control field JO-AjAnu
005 - DATE AND TIME OF LATEST TRANSACTION
control field 20240813113600.0
008 - FIXED-LENGTH DATA ELEMENTS--GENERAL INFORMATION
fixed length control field 240806b jo ||||| |||| 00| 0 ara d
020 ## - INTERNATIONAL STANDARD BOOK NUMBER
International Standard Book Number 9780323847124
040 ## - CATALOGING SOURCE
Original cataloging agency JO-AjAnu
Language of cataloging ENG
Transcribing agency JO-AjAnu
041 ## - LANGUAGE CODE
Language code of original ENG
100 ## - MAIN ENTRY--PERSONAL NAME
Personal name Gilbert, Joyce
Relator term Author
9 (RLIN) 66117
245 ## - TITLE STATEMENT
Title William's Essentials of Nutrition and Diet The Therapy
Statement of responsibility, etc. / Joyce Gilbert
250 ## - EDITION STATEMENT
Edition statement 13 edition
260 ## - PUBLICATION, DISTRIBUTION, ETC.
Place of publication, distribution, etc. India :
Name of publisher, distributor, etc. Elsevier,
Date of publication, distribution, etc. 2024
300 ## - PHYSICAL DESCRIPTION
Extent 496 pages
650 ## - SUBJECT ADDED ENTRY--TOPICAL TERM
Form subdivision Diet Therapy Nutrition
700 ## - ADDED ENTRY--PERSONAL NAME
Personal name Eleanor D. Schlenker
Relator term Joint author
9 (RLIN) 66118
942 ## - ADDED ENTRY ELEMENTS (KOHA)
Source of classification or shelving scheme Library of Congress Classification
Koha item type Books
Suppress in OPAC No
Holdings
Withdrawn status Lost status Source of classification or shelving scheme Damaged status Not for loan Home library Current library Date acquired Total Checkouts Full call number Barcode Date last seen Price effective from Koha item type
    Library of Congress Classification     مكتبة جامعة عجلون الوطنية مكتبة جامعة عجلون الوطنية 06/08/2024   RM216.S358.2024 E3870 06/08/2024 06/08/2024 Books
    Library of Congress Classification     مكتبة جامعة عجلون الوطنية مكتبة جامعة عجلون الوطنية 06/08/2024   RM216.S358.2024 E3869 06/08/2024 06/08/2024 Books